000 00588nam a2200181Ia 4500
008 240729s9999 xx 000 0 und d
022 _a2251-8770
245 0 _aInternational Journal of Medical Toxicology and Forensic Medicine
260 _aIran, Islamic Republic of
260 _bShaheed Beheshti University of Medical Sciences
650 _a Medicine (General) | Medicine
650 _a Public aspects of medicine
650 _a Toxicology. Poisons
650 _aMedicine
856 _uhttps://doaj.org/toc/09fec00398034aaf9840fafd5b30bbe2
942 _2ddc
942 _cDOAJEJ
999 _c65826
_d65826
945 _a1
_bMadushi Gamage
_c1
_dMadushi Gamage